| 000 | 00477nam a22001577a 4500 | ||
|---|---|---|---|
| 008 | 230613b |||||||| |||| 00| 0 eng d | ||
| 020 | _a0-471-32779-4 | ||
| 040 |
_aNational Science Library _cNational Science Library |
||
| 080 |
_aR 546.18(02) _bL3 |
||
| 245 | _aEnvironmental phosphorus handbook | ||
| 260 |
_aNew York: _bA Wiley-Interscience Publication, _c1973 |
||
| 300 | _axvi, 718p. | ||
| 650 | _aChemistry | ||
| 700 | _aGriffith, Edward J (Ed.) | ||
| 942 |
_2udc _cBK |
||
| 999 |
_c42812 _d42812 |
||